| 000 | 00922nam a2200253 i 4500 | ||
|---|---|---|---|
| 001 | 10630 | ||
| 003 | ES-MaACL | ||
| 005 | 20250822055648.0 | ||
| 007 | t| | ||
| 008 | 950222s1994 sp |||| | spa j | ||
| 020 | _a84-239-5077-8 | ||
| 080 | _a860-82"19" | ||
| 100 | 1 |
_aBuero Vallejo, Antonio, _d1916-2000 _932421 |
|
| 245 | 1 | 0 |
_aObra completa / _cAntonio Buero Vallejo ; edición crítica de Luis Iglesias Feijoo y Mariano de Paco. |
| 260 |
_aMadrid : _bEspasa-Calpe, _cD.L. 1994. |
||
| 300 |
_a2 v. ; _c20 cm. |
||
| 490 | 1 | _aClásicos castellanos. Nueva serie | |
| 505 | 8 | _a1. Teatro 2. Poesía, narrativa, ensayos y artículos | |
| 700 | 1 |
_aIglesias Feijoo, Luis. _965110 |
|
| 700 | 1 |
_aPaco, Mariano de, _d1946- _988157 |
|
| 830 | 0 | 0 |
_aClásicos castellanos. _pNueva serie (Espasa-Calpe) _9178821 |
| 852 |
_aES-MaACL _jL-18017-18 _z. - Dedicatoria autógrafa del autor |
||
| 999 |
_c10630 _d10630 |
||